|
|
|
|
| LEADER |
00000naa2a2200000 4500 |
| 001 |
215118 |
| 005 |
20250205063153.0 |
| 035 |
|
|
|a (RuTPU)RU\TPU\book\235015
|
| 035 |
|
|
|a RU\TPU\book\99247
|
| 090 |
|
|
|a 215118
|
| 100 |
|
|
|a 20120504d2005 k y0rusy50 ca
|
| 101 |
0 |
|
|a rus
|
| 102 |
|
|
|a RU
|
| 200 |
1 |
|
|a Использование нанопорошка алюминия в водородной энергетике
|f А. П. Астанкова, А. Ю. Годымчук
|
| 320 |
|
|
|a Библиогр.: 4 назв.
|
| 463 |
|
0 |
|0 (RuTPU)RU\TPU\book\95229
|t Энергетика: экология, надежность, безопасность
|o материалы докладов одиннадцатой Всероссийской научно-технической конференции, Томск, 7-9 декабря 2005 г.
|f Томский политехнический университет; Российский фонд фундаментальных исследований; Международная энергетическая академия; Международная академия наук экологии и безопасности жизнедеятельности; Энергетика: экология, надежность, безопасность, Всероссийская научно-техническая конференция
|v С. 279-281
|d 2005
|p 542 с.
|
| 610 |
1 |
|
|a труды учёных ТПУ
|
| 700 |
|
1 |
|a Астанкова
|b А. П.
|c физик
|c старший преподаватель, инженер-исследователь Томского политехнического университета, кандидат физико-математических наук
|f 1984-
|g Анна Петровна
|3 (RuTPU)RU\TPU\pers\37599
|
| 701 |
|
1 |
|a Годымчук
|b А. Ю.
|c специалист в области нанотехнологий и наноматериалов
|c доцент Томского политехнического университета, кандидат технических наук
|f 1978-
|g Анна Юрьевна
|x TPU
|y Томск
|3 (RuTPU)RU\TPU\pers\26193
|4 070
|9 12001
|
| 801 |
|
1 |
|a RU
|b 63413507
|c 20060316
|g PSBO
|
| 801 |
|
2 |
|a RU
|b 63413507
|c 20161201
|g PSBO
|
| 942 |
|
|
|c BK
|